Tilastot visalle Satunnaisia Afrikan valtioita pääkaupunkien mukaan

Klikkaa tästä pelataksesi tätä visaa!

Yleistilastot

  • Tätä visaa on pelattu 263 kertaa
  • Keskiarvotulos 8 / 10

Vastaustilastot

PääkaupunkiValtio% Oikein
AlgerAlgeria
100%
NairobiKenia
100%
São ToméSão Tomé ja Príncipe
100%
TunisTunisia
100%
DjiboutiDjibouti
97%
KhartumSudan
97%
KairoEgypti
96%
RabatMarokko
96%
KampalaUganda
96%
Addis AbebaEtiopia
95%
AntananarivoMadagaskar
94%
BissauGuinea-Bissau
93%
TripoliLibya
93%
Pretoria, Kapkaupunki
ja Bloemfontein
Etelä-Afrikka
89%
AbujaNigeria
88%
MogadishuSomalia
87%
DakarSenegal
86%
WindhoekNamibia
85%
AsmaraEritrea
83%
LuandaAngola
82%
AccraGhana
81%
GaboroneBotswana
80%
KinshasaKongon demokraattinen tasavalta
80%
LilongweMalawi
80%
FreetownSierra Leone
80%
JubaEtelä-Sudan
78%
MonroviaLiberia
77%
NiameyNiger
77%
LoméTogo
76%
DodomaTansania
75%
N'DjamenaTšad
75%
HarareZimbabwe
74%
BrazzavilleKongon tasavalta
73%
YamoussoukroNorsunluurannikko
73%
OuagadougouBurkina Faso
72%
MbabaneSwazimaa
72%
Porto-Novo / CotonouBenin
70%
PraiaKap Verde
70%
Port LouisMauritius
70%
BanjulGambia
69%
MoroniKomorit
69%
KigaliRuanda
67%
BamakoMali
64%
LusakaSambia
64%
VictoriaSeychellit
61%
GitegaBurundi
60%
NouakchottMauritania
57%
MaputoMosambik
57%
LibrevilleGabon
56%
MalaboPäiväntasaajan Guinea
55%
ConakryGuinea
53%
YaoundéKamerun
52%
BanguiKeski-Afrikan tasavalta
50%
MaseruLesotho
50%

Tulosjakauma

Persentiili vastausten määrän mukaan

Jokaisen tuloksen saaneiden osuus

Tuloshistoriasi

Et ole pelannut tätä visaa